000 00895nam a2200277Ia 4500
003 OSt
005 20220926001023.0
006 a|||||r|||| 00| 0
007 ta
008 220923b |||||||| |||| 00| 0 eng d
020 _a9780749464714
_c845.75
037 _bBBS/176, 22/03/2012, Better Book Service
_cGeneral Book
040 _aRTL
_cRTL
_beng
041 _2eng
_aeng
082 _aX:51-8.5, Q2
100 _aStahlberg Markus
_9303348
245 0 _aShopper marketing
_b How to increase purchase decisions at the point of scale
250 _a2
260 _a New Delhi
_bKogan Page
_c2012
300 _axi, 275p
_ccm.
500 _aBibliography chapterwise
650 _aCommerce
700 _a Maila Ville
_9303349
942 _hX:51-8.5, Q2
_cGB
_2CC
999 _c600229
_d600229